000 01002nam a22002417a 4500
999 _c63679
_d63679
005 20251208151154.0
008 251208s2018 ge ||||| |||| 00| 0 eng d
020 _a9788378932406
041 _aeng
080 _a75.071.1(479.22)(084.1) K-46
100 _aKintsurashvili, Ketevan
_918283
245 _aPirosmani flâneur /
_cKetevan Kintsurashvili & David Janiashvili; translation: A-Z.ge.
264 _aWojnowice :
_b KEW,
_c2018.
300 _a142 p. :
_b ill. ;
_c25 cm.
653 _aფიროსმანი, ნიკო
653 _aილუსტრაციების ალბომები
653 _aქართული მხატვრობა
653 _aილუსტრაციების ალბომები
653 _aქართველი მხატვრები
700 _aPirosmanashvili, Niko
_eმხატვარი
_926381
700 _aJaniashvili, David
_eდიზაინერი
_918284
942 _2udc
_cᲬᲘᲒᲜᲘ